Vista normal
Vista MARC
Entrada Materia (personas)
Número de registros utilizados en: 1
001 - CONTROL NUMBER
- control field: 105112
003 - CONTROL NUMBER IDENTIFIER
- control field: Co-BoUCM
005 - DATE AND TIME OF LATEST TRANSACTION
- control field: 20210901051415.0
008 - FIXED-LENGTH DATA ELEMENTS
- fixed length control field: 210901|| aca||aabn | a|a d
040 ## - CATALOGING SOURCE
- Original cataloging agency: Co-BoUCM
- Transcribing agency: Co-BoUCM
100 ## - HEADING--PERSONAL NAME
- Personal name: Paul, José Telesforo
- Titles and other words associated with a name: Arzobispo
- Dates associated with a name: 1831-1889
670 ## - SOURCE DATA FOUND
- Source citation: Work cat.: (Co-BoUCM)84722: Mosquera Garces, Manuel 1901-1972 105109, La ciudad creyente, 1938